000 00387nam a2200169Ia 4500
100 _aRichardson/Gary L
650 _aProject Management
942 _cBK
366 _f25
654 _aProject management
245 _aProject Management:Theory and practice
260 _bCRC Press
_c2010
082 _a658.404
_bRIC
300 _a550
546 _aENGLISH
_cInfo.Tech
999 _c25757
_d25757